|
|
|
|
| LEADER |
00679cam a2200193 7i4500 |
| 001 |
0000005243 |
| 005 |
20170218090000.0 |
| 020 |
|
|
|a 0789727315 (pbk.)
|
| 020 |
|
|
|a 9780789727312
|
| 090 |
0 |
0 |
|a QA76.76.H94
|b H65 2002
|
| 100 |
1 |
|
|a Holzschlag, Molly E
|
| 245 |
1 |
0 |
|a Special edition using HTML and XHTML
|c Molly E. Holzschlag.
|
| 260 |
|
|
|a Indianapolis, Ind.:
|b Que,
|c 2002.
|
| 300 |
|
|
|a xi, 700 p.:
|b ill.;
|c 24 cm.
|
| 500 |
|
|
|a Includes index
|
| 650 |
0 |
0 |
|a XHTML (Document markup language)
|
| 650 |
0 |
0 |
|a HTML (Document markup language)
|
| 997 |
|
|
|a Communication, Visual Art & Computing, Faculty
|b Computing, Department
|
| 999 |
|
|
|a 0000005007
|b BOK
|c OPEN SHELF
|e 1st Floor, Bestari Jaya
|